000 01272nam0a2200337 4500
001 RU\NLR\BIBL_A\010783773
005 20191120123303.0
010 _a978-5-389-05344-1
_95000
021 _aRU
_bКН-П-19-078901
_9КН-П-19-5721
035 _a(NLR Aleph) 010783773
035 _a(RuMoRGB)010129350
035 _a(NILC)RuMoRGB-007926795
090 _a10081374
_c10081374
100 _a20150618d2015 d y0rusy50 ca
101 1 _arus
_ceng
102 _aRU
105 _aacb|f|||001yy
200 1 _aЭнциклопедия школьника
_eот древности до наших дней
_e[для среднего школьного возраста
_fпер. с англ.: Татьяна Покидаева]
210 _aМосква [и др.]
_cМахаон [и др.]
_d2015
215 _a111 с.
_cил., портр., карт., цв. ил.
_d28
320 _aУказ.: с. 110-111
333 _a6+
608 _aЭнциклопедии для детей
_2nlr_sh2
_3RU\NLR\AUTH\661410942
610 0 _aэнциклопедии для детей
686 3 _aШ9
_bЯ20
801 0 _aRU
_bРГБ
_c20150507
_gRCR
942 _cBOOK
980 _aNB